Statistics for This Old Dog Tracklist (Mac DeMarco)

Click here to take the quiz!

General Stats

  • This quiz has been taken 96 times
  • The average score is 8 of 13

Answer Stats

HintAnswer% Correct
2This Old Dog
88%
12Moonlight On The River
84%
4For The First Time
77%
13Watching Him Fade Away
68%
11On The Level
62%
1My Old Man
61%
6Still Beating
59%
7Sister
57%
10One More Love Song
50%
5One Another
47%
3Baby You're Out
46%
8Dreams From Yesterday
45%
9A Wolf Who Wears Sheeps Clothes
42%

Score Distribution

Percentile by Number Answered

Percent of People with Each Score

Your Score History

You have not taken this quiz